Degas / (Record no. 177340)

MARC details
000 -LEADER
campo de control de longitud fija 00687nam a2200217 i 4500
001 - NÚMERO DE CONTROL
campo de control 177340
003 - IDENTIFICADOR DE NÚMERO DE CONTROL
campo de control ES-MaACL
005 - FECHA Y HORA DE LA ÚLTIMA TRANSACCIÓN
campo de control 20230906220316.0
007 - CAMPO FIJO DE DESCRIPCIÓN FÍSICA--INFORMACIÓN GENERAL
campo de control de longitud fija t|
008 - DATOS DE LONGITUD FIJA--INFORMACIÓN GENERAL
campo de control de longitud fija 110316s1965 sp ac ||||1| spa d
080 ## - NÚMERO DE LA CLASIFICACIÓN DECIMAL UNIVERSAL
Número de la Clasificación Decimal Universal 75 Degas
100 1# - ENTRADA PRINCIPAL--NOMBRE DE PERSONA
Nombre de persona Huttinger, Edouard.
9 (RLIN) 145665
245 10 - MENCIÓN DEL TÍTULO
Título Degas /
Mención de responsabilidad, etc. por Edouard Huttinger ; [traducción de José Antonio Fontanilla].
260 ## - PUBLICACIÓN, DISTRIBUCIÓN, ETC.
Lugar de publicación, distribución, etc. Madrid [etc.] :
Nombre del editor, distribuidor, etc. Daimon, Manuel Tamayo,
Fecha de publicación, distribución, etc. cop. 1965.
300 ## - DESCRIPCIÓN FÍSICA
Extensión 92 p. , [2] h. :
Otras características físicas il. col. y n. ;
Dimensiones 29 cm.
500 ## - NOTA GENERAL
Nota general Índice.
504 ## - NOTA DE BIBLIOGRAFÍA, ETC.
Nota de bibliografía, etc. Bibliografía: p. 89-93.
600 14 - PUNTO DE ACCESO ADICIONAL DE MATERIA--NOMBRE DE PERSONA
Nombre de persona Degas, Edgar.
9 (RLIN) 43213
700 1# - ENTRADA AGREGADA--NOMBRE PERSONAL
Nombre de persona Fontanilla, José Antonio.
9 (RLIN) 51619
852 ## - LOCALIZACIÓN
Ubicación ES-MaACL
Número de control de estantería E-14692
Encuadernación Olim P-1262
Holdings
Estatus retirado Estado de pérdida Estado de daño No para préstamo Biblioteca de origen Biblioteca actual Ubicación en estantería Fecha de adquisición Fuente de adquisición Total de préstamos Signatura topográfica completa Código de barras Visto por última vez Precio de reemplazo Tipo de ítem Koha
        Biblioteca del Ateneo de Madrid Biblioteca del Ateneo de Madrid Depósito 2 16/03/2011     E-14692 1186258 23/02/2023 23/02/2023 Libro impreso